Psychology in everyday life (Record no. 590565)

000 -LEADER
fixed length control field 02023cam a22004455i 4500
001 - CONTROL NUMBER
control field 21110339
003 - CONTROL NUMBER IDENTIFIER
control field NUST
005 - DATE AND TIME OF LATEST TRANSACTION
control field 20220828194616.0
008 - FIXED-LENGTH DATA ELEMENTS--GENERAL INFORMATION
fixed length control field 190731s2020 nyua b 001 0 eng d
010 ## - LIBRARY OF CONGRESS CONTROL NUMBER
LC control number 2019947272
020 ## - INTERNATIONAL STANDARD BOOK NUMBER
International Standard Book Number 9781319240370
020 ## - INTERNATIONAL STANDARD BOOK NUMBER
International Standard Book Number 1319240372
020 ## - INTERNATIONAL STANDARD BOOK NUMBER
International Standard Book Number 9781319133726
Qualifying information (pbk.)
020 ## - INTERNATIONAL STANDARD BOOK NUMBER
International Standard Book Number 131913372X
Qualifying information (pbk.)
020 ## - INTERNATIONAL STANDARD BOOK NUMBER
International Standard Book Number 9781319445799
Qualifying information (Loose-leaf (3-hole punched)
020 ## - INTERNATIONAL STANDARD BOOK NUMBER
International Standard Book Number 1319445799
Qualifying information (Loose-leaf (3-hole punched)
035 ## - SYSTEM CONTROL NUMBER
System control number (OCoLC)on1137600328
038 ## - RECORD CONTENT LICENSOR
Staff Name Azhar
040 ## - CATALOGING SOURCE
Original cataloging agency FEH
Language of cataloging eng
Transcribing agency FEH
Description conventions rda
Modifying agency VVX
-- CSG
-- UIN
-- OCLCQ
-- DLC
042 ## - AUTHENTICATION CODE
Authentication code lccopycat
082 ## - DEWEY DECIMAL CLASSIFICATION NUMBER
Classification number 150
Author Mark MYE
100 1# - MAIN ENTRY--PERSONAL NAME
Personal name Myers, David G.,
Relator term author.
245 10 - TITLE STATEMENT
Title Psychology in everyday life
Statement of responsibility, etc. David G. Myers, Hope College, Holland, Michigan, C. Nathan DeWall, University of Kentucky, Lexington, Kentucky.
250 ## - EDITION STATEMENT
Edition statement Fifth edition.
260 ## - PUBLICATION, DISTRIBUTION, ETC.
Place of publication, distribution, etc. NY
Name of publisher, distributor, etc. Worth Publishers, Macmillan Learning,
Date of publication, distribution, etc. 2020
300 ## - PHYSICAL DESCRIPTION
Extent xxxii, 427, [188] p
Other physical details illustrations (chiefly color) ;
Dimensions 26 cm
336 ## - CONTENT TYPE
Content type term text
Content type code txt
Source rdacontent
337 ## - MEDIA TYPE
Media type term unmediated
Media type code n
Source rdamedia
338 ## - CARRIER TYPE
Carrier type term volume
Carrier type code nc
Source rdacarrier
504 ## - BIBLIOGRAPHY, ETC. NOTE
Bibliography, etc. note Includes bibliographical references and indexes.
505 0# - FORMATTED CONTENTS NOTE
Formatted contents note Psychology's roots, critical, and self-improvement tools -- The biology of behavior and consciousness -- Developing through the life span -- Sex, gender, and sexuality -- Sensation and perception -- Learning -- Memory -- Thinking, language, and intelligence -- Motivation and emotion -- Stress, health, and human flourishing -- Social psychology -- Personality -- Psychological disorders -- Therapy.
650 #0 - SUBJECT ADDED ENTRY--TOPICAL TERM
Topical term or geographic name entry element Psychology
Form subdivision Textbooks.
650 #7 - SUBJECT ADDED ENTRY--TOPICAL TERM
Topical term or geographic name entry element Psychology.
Source of heading or term fast
Authority record control number or standard number (OCoLC)fst01081447
655 #7 - INDEX TERM--GENRE/FORM
Genre/form data or focus term Textbooks.
Source of term fast
Authority record control number (OCoLC)fst01423863
700 1# - ADDED ENTRY--PERSONAL NAME
Personal name DeWall, C. Nathan,
Dates associated with a name 1954-
Relator term author.
9 (RLIN) 94814
906 ## - LOCAL DATA ELEMENT F, LDF (RLIN)
a 0
b ibc
c copycat
d 2
e ncip
f 20
g y-gencatlg
942 ## - ADDED ENTRY ELEMENTS (KOHA)
Source of classification or shelving scheme
Koha item type Lincoln Corner
Holdings
Withdrawn status Lost status Source of classification or shelving scheme Damaged status Not for loan Permanent Location Current Location Shelving location Date acquired Full call number Barcode Date last seen Price effective from Koha item type
          Central Library (CL) Central Library (CL) Lincoln Corner 07/24/2022 150 MYE LC-91 07/24/2022 07/24/2022 Reference
© 2023 Central Library, National University of Sciences and Technology. All Rights Reserved.